000 00335nam a2200145Ia 4500
005 20251222153603.0
008 251222s9999||||xx |||||||||||||| ||spa||
020 _a9786124551703
082 _a193/T71
100 _aTonsmann Vásquez, Dick
245 0 _aGuerra y Paz:
250 _a1ra. ed.
264 _bMystic Rosse
942 _cLIB
999 _c31324
_d31324